banner-ar

تفسير سورة النور / (Record no. 65572)

MARC details
000 -الفاتح
حقل البيانات ثابتة الطول 00926nam a22002537a 4500
005 - وقت وتاريخ اخر تعامل مع التسجيلة
رقم الضبط 20240530110832.0
008 - عناصر البيانات ثابتة الطول - معلومات عامة
حقل البيانات ثابتة الطول 190903s ua a g b 000 0 ara d
017 ## - رقم الايداع القانونى
المصدر ( الهيئة المختصة) مصر. دار الكتب
رقم الايداع القانونى 87/2482
020 ## - الرقم الدولى المعيارى للكتب
الرقم الدولى المعيارى للكتاب 9770112941
040 ## - مصدر الفهرسة
وكالة الفهرسة الأصلية EG-CaGPL
وكالة النسخ EG-CaGPL
082 04 - رقم تصنيف ديوى العشرى
رقم الطبعة 21
رقم التصنيف 227.34 \
رقم المادة ع ت
100 0# - المدخل الرئيسى - إسم شخصى
الإسم الشخصى عبدالله محمود شحاتة
245 10 - بيان العنوان
العنوان تفسير سورة النور /
بيان المسئوليه,etc عبدالله محمود شحاتة
250 ## - بيان الطبعة
بيان الطبعة ط.1
260 ## - PUBLICATION, DISTRIBUTION, ETC. (IMPRINT)
تاريخ النشر أو التوزيع 1987 .
300 ## - الوصف المادى
التعداد 264 ص. ؛
أبعاد الوعاء 24 سم.
504 ## - تبصرة ببليوجرافية
تبصرة ببليوجرافية,الخ يشتمل على ارجاعات ببليوجرافية
650 07 - المدخل الاضافى بالموضوع-مصطلح موضوعى
مصدر الرأس أو المصطلح qrmak
مصطلح موضوعي القران الكريم
التقسيم الفرعي العام تفسير
650 07 - المدخل الاضافى بالموضوع-مصطلح موضوعى
مصطلح موضوعي القران الكريم
التقسيم الفرعي العام سور وايات
مصدر الرأس أو المصطلح qrmak
650 07 - المدخل الاضافى بالموضوع-مصطلح موضوعى
مصطلح موضوعي سورة النور
مصدر الرأس أو المصطلح qrmak
651 ## - المدخل الاضافى بالموضوع - اسم جغرافى
مصدر الرأس أو المصطلح qrmak
942 ## - عناصر المدخل الإضافي( كوها)
مصدر التصنيف او مخطط الترفيف Dewey Decimal Classification
Koha [default] item type كتاب
260 ## - PUBLICATION, DISTRIBUTION, ETC. (IMPRINT)
-- القاهرة :
-- الهيئة المصرية العامة للكتاب،
Holdings
حالة التراجع حالة الفقد حالة تلف ليس للاعارة المكان المؤقت الموقع الحالى موقع الترفيف تاريخ الاكتساب اجمالي اﻻعارات رقم الطلب الباركود تاريخ اخر مشاهدة تاريخ تفعيل السعر نوع وعاء كوها
        مكتبة القاهرة الكبرى مكتبة القاهرة الكبرى القاعة الرئيسية 09/22/2019   227.34 \ ع ت 166486 09/22/2019 09/22/2019 كتاب

Powered By

EGPV